NBA Quiz - Statistics

General Stats
  • This quiz has been taken 34 times
  • The average score is 6 of 10
Answer Stats
Question Answer % Correct
Who leads the NBA in most points? LeBron James
97%
Who leads the NBA in most assists? John Stockton
90%
Which players were NOT a big three? Chris Paul, Blake Griffin, Paul George
83%
Michael Jordan, LeBron James, Larry Bird, or Jayson Tatum? Michael Jordan
66%
Which team used to be a REAL NBA team but doesn't exist anymore? St. Louis Hawks
59%
Best Center? Kareem Abdul-Jabbar
52%
Who leads the NBA in most rebounds Wilt Chamberlain
52%
How old is LeBron James? 40
48%
Who founded the NBA? Maurice Podoloff
45%
Who has the most fouls in NBA history? Kareem Abdul-Jabbar
24%
No matching quizzes found
Score Distribution
Percent of People with Each Score
Percentile by Number Answered
Your Score History
You have not taken this quiz